000 00712cam a22002413a 4500
001 947
003 PGUSA
005 20140828082955.0
008 060205s2006||||xxu|||||s|||||000 | eng d
040 _aPGUSA
_beng
042 _adc
050 4 _aDA
100 1 _aSouthey, Robert,
_d1774-1843
245 1 4 _aThe Life of Horatio, Lord Nelson
_h[electronic resource] /
_cRobert Southey
260 _bProject Gutenberg,
_c2006
506 _aPublic domain in the USA.
516 _aElectronic text
653 _aAdmirals -- Great Britain -- Biography
653 _aNelson, Horatio Nelson, Viscount, 1758-1805
830 0 _aProject Gutenberg
_v947
856 4 0 _uhttp://www.gutenberg.org/ebooks/947
942 _cEB
999 _c230298
_d230298